Statistiques concernant Pays les plus proches de la Bulgarie

Cliquez ici pour prendre le quiz!

Statistiques générales

  • Ce quiz a été pris 83 fois
  • Le résultat moyen est 17 sur 20

Statistiques - réponses

kmpays% Correct
0Roumanie
96%
0Serbie
96%
0Grèce
94%
0Macédoine du Nord
92%
0Turquie
92%
54Kosovo
90%
175Monténégro
90%
315Croatie
88%
358Russie
88%
497Slovaquie
88%
148Albanie
87%
258Hongrie
87%
221Bosnie-Herzégovine
86%
148Ukraine
86%
535Slovénie
84%
570Autriche
83%
400Italie
82%
164Moldavie
81%
533Pologne
79%
640Tchéquie
70%

Distribution des résultats

Percentile par nombre de réponses

% des personnes avec chaque résultat

Votre développement - résultats

Vous n’avez pas pris ce quiz